000 00227nam a22000857a 4500
008 160716b xxu||||| |||| 00| 0 eng d
100 _92931
_a Dumas, A
245 _aThe Tree Musketeers
260 _aNew Delhi
_bOrient Publication
_c2005
999 _c2496
_d2496